000 00875cam a2200253M 4500
005 20141202100553.0
008 140515s2013 ne fr 000 0 eng d
020 _a9058871649
020 _a9789058871640
040 _aCO-BoUCM
_bspa
_cJose A. Gerena
_dJose A. Gerena
041 _aeng
245 0 0 _aRape and international criminal law
_ceditado por Irene Piccolo
260 _aNijmegen (Holanda)
_bInternational courts association
_c2013
300 _a540 páginas
490 _aInternational criminal law series
650 7 _aDelitos contra la mujer
_912577
650 7 _aDelitos sexuales
_912602
650 7 _aDerecho penal internacional
_912814
690 _942772
_aDerecho internacional
690 _942778
_aDerecho penal
700 1 _aPiccolo, Irene
_eeditor
_961079
942 _a8
_cLIBRO
_e1
_mR216r
_2DEWEY
_h341.77
999 _c242346
_d242346